Servelets y JavaServer pages : guía práctica / Marty Hall (Registro nro. 17403)
[ vista simple ]
| 000 -LÍDER | |
|---|---|
| fixed length control field | 00507nam a2200145 4500 |
| 008 - ELEMENTOS DE LONGITUD FIJA -- INFORMACIÓN GENERAL | |
| fixed length control field | 0 2001 0ant 000 0MEX |
| 020 ## - NÚMERO INTERNACIONAL NORMALIZADO PARA LIBROS | |
| ISBN | 970-26-0118-5 |
| 050 ## - SIGNATURA TOPOGRAFICA DE LA BIBLIOTECA DEL CONGRESO (LC) | |
| Número de Clasificación | QA76.73.J38 H345 2001 |
| 082 ## - NUMERO DE CLASIFICACION DECIMAL DEWEY | |
| Número de Clasificación | 005.276.22 H174s |
| 100 ## - ASIENTO PRINCIPAL--NOMBRE PERSONAL | |
| Nombre personal | Hall, Marty |
| 245 ## - TÍTULO | |
| Título | Servelets y JavaServer pages : guía práctica / Marty Hall |
| 260 ## - PUBLICACIÓN, DISTRIBUCIÓN, ETC. (PIE DE IMPRENTA) | |
| Lugar de publicación, distribución, etc. | México : Pearson educación |
| 300 ## - DESCRIPCIÓN FÍSICA | |
| Extensión | xxvii, 580 p. / 23 cm. |
| 650 ## - ASIENTO SECUNDARIO DE MATERIA - TERMINO TEMÁTICO | |
| Término temático o nombre geográfico como elemento de entrada | 1.JAVA SERVER PAGES \ 2.JAVA (PROGRAMA DE COMPUTADORA) \ 3.SERVIDORES WEB \ 3.SERVELETS |
| No. biblioteca | No. biblioteca | Número de clasificación | Código de barras/Número de adquisición | Número de copia | Tipo de material |
|---|---|---|---|---|---|
| LUIS G. INCLAN | LUIS G. INCLAN | 005.276.22 H174s | 43783 | 1 | Libros |
